| 000 | 00382nam a2200157Ia 4500 | ||
|---|---|---|---|
| 008 | 230524s9999 xx 000 0 und d | ||
| 082 |
_a4 _bKRI |
||
| 100 | _aN.Krishnan | ||
| 245 | 0 | _aWindows and MS Office 2000 with Database Concepts | |
| 250 | _a1ST | ||
| 260 |
_aCHENNAI _bScitech _c2001 |
||
| 300 | _a426 | ||
| 500 | _aQuantity Number: 3 | ||
| 650 | _aComp-Sc | ||
| 942 | _cBK | ||
| 999 |
_c26237 _d26237 |
||